000 nam a22 7a 4500
999 _c336768
_d336768
003 IT-MiCISF
005 20170908164734.0
008 170908b xxu||||| |||| 00| 0 eng d
040 _cIT-MiCISF
041 _ait
100 _aCarrozzino Michela, Ruffinato Piera (a cura di)
_956570
245 _aUguaglianze difficili e mondi della disabilità
_bAtti del sesto Congresso Internazionale, Milano, 19-21 ottobre 2015
260 _aRoma
_bAssociazione mediterraneo senza handicap
_c2017
300 _app. 460
500 _ahandicap, società, cultura, comparazione, scuola, educazione, infanzia, donna, esperienze
520 _aIl Congresso Internazionale Uguaglianze difficili e mondi della disabilità che si è svolto a Milano dal 19 al 21 ottobre 2015 è stata una preziosa occasione per riflettere non solo su alcuni universali mondi della disabilità quali l’educazione, la famiglia, il lavoro, la riabilitazione, ma anche su altri mondi spesso nascosti e dimenticati quali sono i contesti di guerra e di conflitto. La logica inclusiva e valorizzante che ha caratterizzato le riflessioni congressuali, ha fatto dell’evento un’occasione di incontro e di confronto, ma anche di unificazione tra diversi mondi della cultura, delle esperienze e dei linguaggi. Una prova che è possibile trovare uno sguardo comune che permetta di lavorare insieme per contribuire alla trasformazione delle uguaglianze difficili in uguaglianze possibili.
650 _ahandicap
_956194
654 _aatti
700 _aAnelli F.
_aArmani S.
_aBaldi S.
_aBallarino F.
_aBaloh B.
_aBaschiera B.
_aBelletti F.
_aBen Ali M.
_aBertin G.
_aBiasco L.
_aBraghini A.
_aBrojcin B.
_aCalleja C.
_aCamara T.
_aCapozza F.
_aCaracciolo P.
_956571
942 _2ddc
_cBK